书目信息 |
| 题名: |
中东史
|
|
| 作者: | 彭树智 主编 ;王铁铮 , 黄民兴 , 邵丽英 著 | |
| 分册: | ||
| 出版信息: | 北京 人民出版社 2010.03 |
|
| 页数: | 534页, [2] 页图版 | |
| 开本: | 24cm | |
| 丛书名: | 地区史系列 | |
| 单 册: | ||
| 中图分类: | K37 | |
| 科图分类: | ||
| 主题词: | ||
| 电子资源: | ||
| ISBN: | 978-7-01-008325-4 | |
| 000 | 01223nam 2200337 450 | |
| 001 | 012010058687 | |
| 005 | 20100604100452.18 | |
| 010 | @a978-7-01-008325-4@dCNY62.00 | |
| 100 | @a20100604d2010 em y0chiy0120 ea | |
| 101 | 0 | @achi |
| 102 | @aCN@b110000 | |
| 105 | @aabcfa 001yy | |
| 106 | @ar | |
| 200 | 1 | @a中东史@Azhong dong shi@d= Middle East history@f彭树智主编@Fpeng shu zhi zhu bian@g王铁铮 ... [等] 著@Gwang tie zheng...[deng]zhu@zeng |
| 210 | @a北京@c人民出版社@d2010.03 | |
| 215 | @a534页, [2] 页图版@c图, 地图, 肖像@d24cm | |
| 225 | 2 | @a地区史系列@Adi qu shi xi lie |
| 304 | @a题名页题 : 王铁铮, 黄民兴, 邵丽英, 韩志斌著 | |
| 320 | @a有书目 (第524-529页) 和索引 | |
| 330 | @a本书主要内容包括:人类早期文明在中东的生成和聚散,东西方古老帝国文明在中东的冲突和融合,阿拉伯-伊斯兰文明的形成和传播等。 | |
| 333 | @a中东历史研究人员 | |
| 410 | 0 | @12001 @a地区史系列 |
| 510 | 1 | @aMiddle East history@zeng |
| 607 | @a中东@Azhong dong@x历史 | |
| 690 | @aK37@v4 | |
| 701 | 0 | @a彭树智@Apeng shu zhi@4主编 |
| 702 | 0 | @a王铁铮@Awang tie zheng@4著 |
| 702 | 0 | @a黄民兴@Ahuang min xing@4著 |
| 702 | 0 | @a邵丽英@Ashao li ying@4著 |
| 801 | 0 | @aCN@bQSSK@c20100604 |
| 905 | @b781835-37@dK37@eP559@f3 | |
| 中东史= Middle East history/彭树智主编/王铁铮 ... [等] 著.-北京:人民出版社,2010.03 |
| 534页, [2] 页图版:图, 地图, 肖像;24cm.-(地区史系列) |
| 使用对象:中东历史研究人员 |
| ISBN 978-7-01-008325-4:CNY62.00 |
| 本书主要内容包括:人类早期文明在中东的生成和聚散,东西方古老帝国文明在中东的冲突和融合,阿拉伯-伊斯兰文明的形成和传播等。 |
| ● |
| 相关链接 |
|
|
|
正题名:中东史
索取号:K37/P559
 
预约/预借
| 序号 | 登录号 | 条形码 | 馆藏地/架位号 | 状态 | 备注 |
| 1 | 781835 | 207818352 | 社科库309/309社科库 40排1列3层/ [索取号:K37/P559] | 在馆 | |
| 2 | 781836 | 207818361 | 社科库309/309社科库 40排1列3层/ [索取号:K37/P559] | 在馆 | |
| 3 | 781837 | 207818370 | 社科库309/309社科库 40排1列3层/ [索取号:K37/P559] | 在馆 |